000 00724nam a2200229 i 4500
001 106373
003 ES-MaACL
005 20230906184128.0
007 t|
008 061103s1949 fr ||||1| fre d
080 _a811.14'06'36
100 1 _aMirambel, André.
_981511
245 1 0 _aGrammaire du grec moderne /
_cpar André Mirambel.
260 _aParis :
_bC. Klincksieck,
_c1949.
300 _a243 p. ;
_c22 cm.
490 1 _aLes langues de l'Europe Orientale ;
_v4
500 _aBiblioteca Jacinto Martínez Lacalle.
650 1 4 _aLengua griega moderna-
_xGramática.
_914257
830 0 _aLes langues de l'Europe Orientale ;
_v4
_9232836
852 _aES-MaACL
_jE-11364
_bR.138942
999 _c106373
_d106373